000 00954nam a22002657a 4500
003 OSt
005 20220822164414.0
008 220822t2013 ck a|||ar|||| 00| 1 spa d
020 _a9789587661231
040 _aCO-JMCR
_cCO-JMCR
041 1 _aspa
_hger
082 0 4 _aC /
_bRUbe
100 1 _aRübel, Doris,
_eautor
_942307
245 1 0 _aEste soy yo y ese eres tú /
_cilustraciones y textos Doris Rübel ; traducción del alemán Zenaida Acosta
260 _aBogotá :
_bPanamericana,
_c2013.
300 _a[7] páginas :
_bilustraciones ;
_c20 cm.
440 0 _a¿Qué Cómo Por qué? Júnior
_942308
500 _aTítulo original: Das bin ich & das bist du
521 1 _aSe recomienda compañía de adultos para niños menores de 3 años.
_bTapa posterior.
546 _aTraducido del alemán.
650 1 4 _aEducación niño
_942312
650 2 4 _aPartes del cuerpo
_942313
700 1 _aAcosta, Zenaida,
_etraductora
_942309
942 _2ddc
_cBK
999 _c29729
_d16113